Politique Française en I - Statistiques

Statistiques générales
  • Ce quiz a été pris 186 fois
  • Le résultat moyen est 7 sur 10
Statistiques - réponses
Hint Réponse % Correct
Nom donné aux militant.e.s du mouvement politique fondé par Jean-Luc Mélenchon en 2016 Insoumis.es
96%
Impôt progressif aboli en 2018 qui portait sur le patrimoine des personnes physiques ou des couples et s’appliquait à partir d’un certain seuil. Impôt de solidarité sur la Fortune (ISF)
91%
Attitude d'hostilité systématique envers les musulmans et les personnes perçues comme telles. Islamophobie
87%
Institut chargé de la production, de l’analyse et de la publication des statistiques en France INSEE
85%
Sanction qui interdit à une personne de se présenter à des élections, notamment dans le cadre de condamnations pour des motifs précis Inéligibilité
77%
Ensemble des structures politiques françaises, comme le Parlement, le Président, et le Conseil constitutionnel, qui jouent un rôle central dans la vie politique. Institutions
75%
Système de croyances guidant les partis et les mouvements politiques en France, comme le libéralisme, le socialisme, et le gaullisme. Idéologie
56%
Protection accordée aux députés et sénateurs, les protégeant contre certaines poursuites judiciaires dans le cadre de leur mandat. Immunité parlementaire
52%
Processus par lequel un parti politique désigne officiellement un candidat pour une élection. Investiture
51%
Interférence d’un autre pays dans les affaires politiques françaises. Ingérence étrangère
24%
Aucun quiz correspondant
Distribution des résultats
% des personnes avec chaque résultat
Percentile par nombre de réponses
Votre historique - résultats
Vous n’avez pas pris ce quiz